| 000 | 00736nam a2200205 a 4500 | ||
|---|---|---|---|
| 008 | 150619s1995 ||||||||||||||||| || u | ||
| 020 | _a0904588440 | ||
| 050 | _aRK 470 Gra | ||
| 100 | _aDavies, S. J | ||
| 245 | 1 | 0 |
_aTemporomandibular disorders: a clinical approach _cBy R.J.M. Gray, S.J. Davies [and] A.A. Quayle |
| 260 |
_aLondon: _bBritish Dental Association _c1995 |
||
| 300 | _av,84p.:ill. | ||
| 350 | _a38.00 | ||
| 650 | _aTEMPOROMANDIBULAR JOINT | ||
| 650 | _aJOINT DISEASES | ||
| 650 | _aTEMPOROMANDIBULAR JOINT--DISEASES | ||
| 700 | _aGray, R. J. M | ||
| 700 | _aQuayle, A. A | ||
| 995 |
_FCBU-MAIN LIBRARY (Kitwe) _I38.00 _M1 _UAVAILABLE _WJun 25, 2015 _ZShort Loan Collection |
||
| 999 |
_c59631 _d59631 |
||